| 000 | 00348nam a2200133Ia 4500 | ||
|---|---|---|---|
| 008 | 240624s9999 xx 000 0 und d | ||
| 041 | _aeng | ||
| 082 | _a954 SIN | ||
| 100 | _aSINGH UPINDER | ||
| 245 | _aDISCOVERY OF ANCIENT INDIA EARLY ARCHAEO | ||
| 260 |
_c2004 _aNew Delhi _bPermanent Black |
||
| 300 | _axix, : 381 : p. : cm. ; 21 | ||
| 365 | _cRS | ||
| 999 |
_c3727 _d3727 |
||